[Event "Chelyabinsk 9"]
[Site "Madrid ESP"]
[Date "1998.??.??"]
[Round "9"]
[White "Svidler, Peter"]
[Black "San Segundo Carrillo, Pablo"]
[Result "1/2-1/2"]
[WhiteElo "2690"]
[BlackElo "2505"]
[EventDate "1998.05.11"]
[Annotator "Cifuentes"]

1. e4 {Manor,I Kostakiev,D} 1. ... c5 2. Nf3 Nc6 3. d4 cxd4 4. Nxd4 Nf6 5.
 Nc3 e5 6. Ndb5 d6 7. Bg5 a6 8. Na3 b5 9. Bxf6 gxf6 10. Nd5 f5 11. c3 Bg7 
( 11. ... fxe4? 12. Bxb5! axb5 13. Nxb5 Qg5 14. Nbc7+ Kd8 15. Nxa8 Qxg2 
16. Rf1 Ba6 17. Ne3 Qf3 18. Rg1 Bd3 19. Nb6 Bh6 20. Qxf3 exf3 21. Rd1 Be4 
22. Nbd5 +/- {A Rodriguez-Georgadze, 1977} ) 12. exf5 {# (3) 0.53/1} 
12. ... Bxf5 13. Nc2 ( 13. Qf3?! Be6 ( 13. ... Bg6? 14. Nxb5! +/- {Rogers}
) ( 13. ... Bd7 14. Bd3 O-O 15. Bf5 e4!? 16. Bxe4 f5 17. Bc2 Re8+ 18. Kf1 
Ne5 19. Qh5 Kh8 20. Rd1! Ng4 21. h3 Nf6 22. Nxf6 Qxf6 ~ {Mokry-Kouatly, 
Geneve 1988} ) 14. Nf4 ( 14. Rd1!? O-O 15. Nc2 f5 16. Be2 e4 17. Qg3 Bxd5!
18. Rxd5 f4 19. Qg4 Rf6 20. Rf5 Qf8 -/+ {Molnar Z-Vegh, Kecskemet 1978} ) 
( 14. Nf6+?! Bxf6 15. Qxc6+ Ke7 16. Be2 d5 -/+ {Mirkov - Kharlov, Bern 
1992} ) ( 14. O-O-O O-O 15. Nc2 f5 16. g3 ( 16. h4 Ne7 17. Nce3 Kh8 18. h5
Bh6 19. Nxe7 Qxe7 20. Kb1 Rac8 -/+ {Tandai-Polak, corr 1979/80} ) 16. ... 
e4 17. Qe2 Rb8 18. Qd2 a5 19. Nf4 Bxa2 20. Qxd6 Qb6 21. Nd5 Nd4 -/+ {
Gasser-Schrantz, corr 1977/81} ) ( 14. Bd3 Bxd5 15. Qxd5 Ne7 16. Qf3 d5 =+
{Bellon-Lombard, Haifa 1976} ) 14. ... Nd4! ( 14. ... exf4! 15. Qxc6+ Ke7 
16. Nc2 Re8 17. Bd3 Bd7 18. Qf3 Kf8+ 19. Kd2?! Qh4 =+ {Nicholson-Povah, 
London 1976} ) 15. cxd4 exf4 16. Nc2 O-O 17. Bd3 Qg5 â†‘ {Rogers-Ivanovic,
Vrsac 1987} ) ( 13. Be2 O-O 14. Nc2 Be6 15. O-O Kh8 16. Bf3?! ( 16. a4 
bxa4 17. Rxa4 a5 =, quiet ) 16. ... Rc8 17. Ncb4 Nxb4 18. Nxb4 a5 19. Nc6?
Qc7 20. a4 bxa4 21. Rxa4 e4 -/+ {Sveshnikov-Timoshchenko, USSR 1975} ) 
13. ... O-O ( 13. ... Ne7!? 14. Bd3! ( 14. Nxe7 Bxc2 ( 14. ... Qxe7?? 15. 
Qf3 +- ) 15. Qxc2 Qxe7 ( 15. ... Kxe7!? ) 16. Rd1 ( 16. Be2 O-O 17. O-O d5
18. Rfd1 Rfd8 19. Qb3 Qc5 20. a4 bxa4 21. Rxa4 a5 22. g3 e4 23. Qb5 Bf8 
=, quiet {Adams-Shirov, Chalkidiki 1993} ) 16. ... O-O 17. Qf5 e4!? 18. 
Be2 Qe5 =, quiet {Holzke-Hardicsay, Budapest 1992} ) 14. ... Nxd5 ( 
14. ... Be6 15. Be4 Bxd5 16. Bxd5 Rc8 17. O-O O-O 18. Ne3 ( 18. a4 ) 
18. ... Kh8 19. a4 f5 20. axb5 f4 21. bxa6 fxe3 22. fxe3 Qb6 23. Rxf8+ 
Rxf8 {Dvoirys-Nijboer, Leeuwarden 1994} 24. a7 Nxd5 25. a8=Q Nxe3 26. Qdf3
Ng4+ =, quiet ) ( 14. ... e4?! 15. Nxe7 Qxe7 16. Bxb5+ +/- ) 15. Bxf5 Ne7 
16. Qg4 Nxf5 ( 16. ... O-O?! 17. Rd1 d5 18. Ne3 d4 19. Be4 dxe3 20. Rxd8 
+= {Ivanchuk-Kramnik, Novgorod 1994} ) 17. Qxf5 Qd7 18. Ne3 Qe6! 19. Rd1 
Rd8 =, quiet ) ( 13. ... Be6 $143 {Kostakiev,D} ) 14. Nce3 Be6 15. Bd3 {
Developing his bishop to d3 White casts unequivocal glances at the 
opponent's K-side and takes under his control the key f5-square} 15. ... 
f5 ( 15. ... Ne7 16. Nxe7+ Qxe7 17. Qh5 h6 18. Be4 Rac8 19. O-O ( 19. Nf5 
Bxf5 20. Qxf5 Rfd8 21. Bd5 += ) 19. ... Rc5 20. Rfd1 Rd8 21. Bd5 += {
Garcia Martinez-Remon, Bayamo 1986} ) 16. O-O ( 16. Qh5 e4 17. Bc2 Ne7 ( 
17. ... Ne5 18. Rd1 ( 18. Nf4 Bd7 ( 18. ... Bf7 19. Qxf5 Bd5 20. Ne6! +- {
Hardicsay} ) 19. O-O Rf6!? â‡„â‡„ ) ( 18. O-O?? f4 19. Bxe4 h6 20. Nf5 
Rxf5 -/+ ) ( 18. Nf4 += {Kostakiev,D 1-0 Forgo,E-Kerek,C/Hungary tt 1995 
(36)} ) 18. ... Nc4 ( 18. ... Bf7 19. Qh3 Bg6 20. Bb3 Kh8 21. Nf4 +/- ) 
19. Nxc4 bxc4 20. O-O Be5 21. Kh1 Ra7 22. f4 +/- {Arnason-Kouatly, 
Thessaloniki 1988} ) 18. Bb3 {# (3) 0.47/6} ( 18. Nxe7+?! Qxe7 19. g4?! f4
! 20. Nd5 Bxd5 21. Qxd5+ Kh8 22. O-O-O e3 23. Qd3 Be5 -/+ {
Yagupov-Minasian, Moscow Tal 1992} ) ( 18. O-O-O?! Ng6!? {# (3) -0.28/6} (
18. ... Nxd5!? 19. Nxd5 Bxd5 20. Rxd5 Qf6 {# (1) -2.56/1} 21. Rhd1 Qh6+ {#
(3) -1.63/1} 22. Qxh6 Bxh6+ 23. Kb1 Bf4 =, quiet ) 19. f3 {# (3) 0.50/3} 
19. ... f4 20. Ng4 Rf5 21. Nh6+ {# (3) -2.91/1} 21. ... Bxh6 {# (3) 0.59/7
} 22. Qxh6 {# (2) -1.50/1} 22. ... Rxd5 {# (3) 0.78/8} 23. Bxe4 {# (3) 
-0.13/8} 23. ... Rxd1+ {# (3) 0.16/8} 24. Rxd1 {# (3) -0.59/6} 24. ... Qf8
{# (3) 0.06/9} 25. Qh5 {# (2) -1.06/1} 25. ... Bxa2! {# (3) 0.66/2} 26. 
Bxa8 {# (3) -0.53/8} 26. ... Qxa8 {# (2) 0.13/1} 27. Rxd6 {# (3) -0.72/6} 
27. ... Qe8 {# (3) 0.09/1} 28. Qc5 {# (3) -0.94/9} 28. ... Bb3 {# (1) 
-0.13/1} 29. Qf2 {# (3) -1.16/9} 29. ... b4! â†’ {# (3) 1.03/8} ) ( 18. 
Nf4 Bf7 19. Qg5 ( 19. Bb3 d5 20. Qd1 ( 20. Qh3 Kh8 â–¡ 21. Nexd5 Nxd5 22. 
Nxd5 Bxd5 23. Rd1 e3! ~ {Enders} ) ( 20. Qg5 d4!? 21. cxd4 Bxb3 22. axb3 
h6 23. Qh4 Qd6 24. O-O Nc6 â‡„â‡„ ) 20. ... d4 ~ ) 19. ... Ng6 20. Qxf5 
Bc4 21. Ne6 Bxc3+! 22. Kd1 Rxf5 23. Nxd8 Rxf2 -/+ {Pelling-Emerson, London
1977/78} ) ( 18. Rd1?! Nxd5 ( 18. ... Ng6 19. g4 fxg4 20. Bxe4 Qe8 21. O-O
Ra7 22. Nxg4 +/- {Honfi-Muse, Budapest 1986} ) ( 18. ... Rc8 19. O-O Rc5 
20. Bb3 Kh8 ( 20. ... f4 21. Nxe7+ Qxe7 22. Nd5 Qf7 23. Qxf7+ Rxf7 24. 
Rfe1 += ) 21. Nf4 += ) 19. Nxd5 Bxd5 20. Rxd5 Qf6 =, quiet ) 18. ... Nxd5!
19. Nxd5 ( 19. Bxd5!? Bxd5 20. Nxd5 a5 21. O-O b4 22. f3 bxc3 23. bxc3 e3 
â‡„â‡„ ) 19. ... a5 20. Nf4 ( 20. Qd1 a4 21. Nf4 Bxb3 22. axb3 a3! 23. 
Qd5+ Kh8 24. Rxa3 Rxa3 25. bxa3 Bxc3+ 26. Ke2 Be5 27. Ne6 Qa8 â‡„â‡„ {
Escobar-Godoy/ Buenos Aires 1990} ) 20. ... Bxb3 21. axb3 Qe7 22. O-O b4 
=, quiet {Adams-Beliavsky, Debrecen 1992} ) ( 16. Bc2 f4! ( 16. ... b4!? {
Kostakiev,D 1-0 Topalov,V-Illescas Cordoba,M/ Alcobendas (m/1) 
1994/[Topalov,V] (21) N} ) 17. Qh5 ( 17. Nf1!? ) 17. ... Rf7!! 18. Bxh7+ 
Kf8 19. Bf5 ( 19. Qg6 ) 19. ... Qe8! ( 19. ... Rxf5? 20. Nxf5 Bxd5 21. Rd1
! ( 21. O-O-O? Nd4! {Arnason-Birnboim/ Beer Sheva 1987} ) 21. ... Be6 22. 
Rxd6 Qc8 23. Nxg7 Kxg7 24. g3 +- ) 20. Bxe6 Qxe6 21. Qg4 Qh6! 22. Nf5 ( 
22. Nc2? e4! â†‘ ) ( 22. Nb6 Rd8! ( 22. ... fxe3 23. Nxa8 exf2+ 24. Ke2 +-
) ( 22. ... Re8?! 23. Ned5 e4 24. Nd7+ Kg8 25. N5f6+ Rxf6 26. Nxf6+ Qxf6 
27. Qd7 Qe5 28. Qxc6 e3 29. O-O -/+ ) 23. Ned5 e4 24. O-O Ne5 25. Qe2 Qg6 
26. Qc2 f3 27. g3 Bh6 28. Rae1 Qf5! 29. Rxe4 Qh3 30. Ne3 Ng4 31. Rxg4 Bxe3
32. fxe3 Qxg4 -/+ ) 22. ... Qe6 23. Nfe3 =, quiet {Topalov,V-Illescas,M/ 
Dos Hermanas 1996} ) 16. ... Ra7!? {A typical maneuver in such a position.
Black queen rook enters the game via the 7th rank} ( 16. ... e4 17. Nf4 ( 
17. Bc2 f4 18. Bxe4 fxe3 19. Qh5 exf2+ 20. Kh1 Rf7 21. Qxh7+ Kf8 -/+ ) 
17. ... Bf7 18. Bc2 Be5 19. Nfd5 ( 19. Nh3 Kh8 20. f4 ( 20. Nxf5 Be6 21. 
Ng3 Bxh3 22. gxh3 d5 =/& ) 20. ... Qb6 21. Re1? Bg7 22. Kh1 Ne7 -/+ 23. g4
?! d5?! ( 23. ... b4! 24. Nxf5 Nxf5 25. gxf5 bxc3 26. bxc3 Bxc3 27. Rxe4 
Qc6 28. Ng5 Bd5 29. Qh5 Ra7 -/+ ) 24. gxf5 b4 25. Ng5 Bg8 26. Ne6! Bxe6 
27. fxe6 Qxe6 28. c4 Rxf4 29. cxd5 Qh3 30. Qe2 Raf8 31. Qg2 Qxg2+ 32. Nxg2
Rf2 33. Bxe4 Nc8! =+ {Lutz,C-San Segundo,P/ Pamplona 97-98} ) 19. ... Qg5 
20. f4 exf3 21. Qxf3 Bh5 22. Qf2 ( 22. Qh3!? f4 23. Nc7 fxe3! 24. Nxa8 
Rxf1+! 25. Rxf1 e2 26. Re1 Bg4!! 27. Qxh7+ Kf8 28. Nc7 Qe3+ 29. Kh1 Qf2 
30. Qh6+ Bg7 31. Qc1 Ne7! 32. Bd3!? ( 32. Nxa6? Be5 33. Qh6+ Ke8 34. Qc1 
Bf3 -+ ) 32. ... Be5 33. Bxe2 Bxe2 34. Qd2 Qh4 35. g3 Bf3+ 36. Kg1 Bxg3 
37. Re3 Qg4 38. Rxf3+ Qxf3 39. hxg3 Qxg3+ 40. Qg2 Qe3+ 41. Qf2+ Nf5 42. 
Nxa6 Qg5+ â‡„â‡„ ) 22. ... f4 23. Nc7!! ( 23. h4?! Qd8 24. Nf5 Bg6 25. Nd4
Nxd4 26. cxd4 Bxc2 27. dxe5 dxe5 28. Qc5 Rf7 =+ {1/ 2-1/2, 
Anand,V-Kramnik,V/ Linares 1998} ) 23. ... Rac8 ( 23. ... fxe3? 24. Qxf8+ 
Rxf8 25. Rxf8+ Kxf8 26. Ne6+ Ke7 27. Nxg5 +/- ) 24. Ne6 Qh6 25. Nxf8 fxe3 
26. Qf5! ( 26. Bb3+ Kg7 27. Qf5!! ( 27. Qh4 Rxf8 28. Rxf8 Kxf8 29. g4 +/- 
) 27. ... Bxh2+ 28. Kh1 Bg3 29. Qh3 e2 30. Ne6+ Kh8 31. Rf5 Qe3 32. Re1! 
+- ) 26. ... Bxh2+ ( 26. ... Rxf8 27. Bb3+ +- ) 27. Kh1 Rxf8 28. Qxf8+ 
Qxf8 29. Rxf8+ Kxf8 30. Kxh2 e2 31. Kg3 Ne5 32. Kf2 +- ) ( 16. ... Ne7? 
17. Nxe7+ Qxe7 18. Nxf5! +/- ) 17. Qh5 ( 17. a4!? += {Kostakiev,D} ) 
17. ... Raf7 {Managing to protect the f5-rook in time} ( 17. ... e4 {
Manor,I} 18. Bc2 Qe8 19. Qxe8 Rxe8 20. f3 exf3 21. Rxf3 Ne5 22. Rg3 Rf7 
23. Nf4 Nc4 24. Nxe6 Rxe6 25. Nxf5 Nxb2 26. Rf1 Nc4 27. h4 Rg6 28. Rgf3 
Nd2 29. Bb3 Nxb3 30. axb3 Rc7 31. h5 Rg5 32. h6 Rxf5 33. Rxf5 Bxh6 34. 
R1f3 Bg7 35. Rg5 Kh8 36. Kf1 Rxc3 37. Rxc3 Bxc3 += {
Ivanchuk,V-Kramnik,V/London PCA rapid 1994/1/2-1/2 (52)} ) 18. g4 ( {Some 
more restrained means of developing the initiative, after which Black 
succeeds in solving his defensive problems for now, have also been tested:
} 18. Bc2 Ne7 ( 18. ... b4 {Kostakiev,D} 19. Rfd1 bxc3 20. bxc3 Ne7 21. 
Nxe7+ += {1/2-1/2 Marjanovic,S-Simic,R/It (open) Bela Crkva (Yugoslavia) 
1984} ) 19. Nxe7+ Qxe7 20. Rad1 Kh8 21. Rfe1 Rf6 22. Nd5 Bxd5 23. Rxd5 Rh6
24. Qf3 Qe6 ~ {Delchev-Lalic/ Abierto de Zadar 1997} ) ( 18. a4 âŒ“ +/- {
Kostakiev,D} ) ( 18. f4 Ne7! 19. Nxe7+ Qxe7 20. Kh1 ( 20. fxe5 Qa7 21. 
Rae1 dxe5 22. Kh1 e4 23. Bb1 ) 20. ... e4 21. Bc2 b4!? {Asrian Karen 2600 
- Rogozenko Dorin 2460 , 1998 
Elista (ol)} ) 18. ... e4 19. Bc2 Ne5! {N} ( {Later Black managed to find 
out a more efficient objection to this undermining strategy of his 
opponent's} 19. ... fxg4?! 20. Bxe4 Be5 21. Qh6? ( 21. h3! gxh3 22. f4! 
Qe8 23. Kh1! +/- ) 21. ... Kh8! 22. Kh1 ( 22. Qxe6 Qh4 23. Nxg4 Rg7 24. 
Kh1 Rxg4 25. f4 Qh3 26. Nc7 Bxf4 27. Rf2 Qh4 28. Raf1 Rf6 -/+ ) 22. ... 
Bxd5 23. Nxd5 Ne7 =, quiet 24. Qh4 Nxd5 25. Qxd8 Rxd8 26. Bxd5 Rf5 27. 
Rad1 Rdf8 28. Kg2 Rh5 29. Rh1 Rf6 30. Rd3 Rhf5 {1/2-1/2 
Svidler,P-Kramnik,V/ Linares 1998 1/ 2-1/2 Svidler,P-Kramnik,V/ Linares 
1998} ) 20. Nf4 Bd7 ( 20. ... Bc4!? {Manor,I} 21. Nxc4 ( 21. Nxf5 Nxg4 22.
 Bxe4 Nf6 -/+ ) 21. ... bxc4 22. Ne6 Qe7 23. Nxf8 ( 23. Ng5?? Qxg5 ) 
23. ... Qxf8 24. gxf5 Rxf5 25. Qh3 Nf3+ 26. Kh1 d5 =/& ) 21. Bb3 ( 21. 
gxf5 Rxf5! 22. Nxf5 Rxf5 -+ ) 21. ... fxg4 22. Ne6 ( 22. Bxf7+? Rxf7 23. 
Nfd5 ( 23. Ned5 Rf5 -+ ) ( 23. Nfg2 Rf3! -+ ) 23. ... Rf3 -+ ) 22. ... 
Bxe6 23. Bxe6 Kh8! ( 23. ... Qf6!? {Kostakiev,D} ) 24. Bxf7 Rxf7 { Black 
has quite an adequate compensation for his sacrificed exchange, as white 
king's position is insecure } ( 24. ... Nxf7?! {Kostakiev,D} 25. Nxg4 += )
25. Rad1!? ( 25. Nxg4 Rf4 ( 25. ... Qf8!? 26. Nxe5 Bxe5 27. Rae1 Rf5 28. 
Qh3 d5 =/& ) ( 25. ... Nf3+ {Kostakiev,D} 26. Kh1 Rf4 ( 26. ... Qf8 {
Manor,I} 27. Rad1 Rf5 28. Qh3 ~ ) 27. h3! ( 27. Rfd1 Qc8! 28. Rg1 Rf5 =+ )
( 27. Rad1 Qc8 28. Rg1 Rf5 =+ ) 27. ... Qc8 ( 27. ... Qf8 28. Qd5 Qd8 â†’ 
) 28. Qd5 Be5! 29. Rae1 Rxg4! 30. hxg4 Qf8! 31. Rxe4 Qh6+ 32. Kg2 Nh4+ 33.
 Kh1 =, quiet ) 26. Nxe5 Bxe5 27. h3 Rh4 28. Qf5 Rf4 29. Qh5 Rh4 =, quiet 
) ( {Following the variations cited by P.San Segundo demonstrates a rough 
dynaming equality in this position } 25. Kh1 Qf6!? 26. Rad1 Qf3+ 27. Kg1 
g3!? 28. Qxf3 Nxf3+ 29. Kh1 Nxh2 ) 25. ... Qf8! ( 25. ... Rf6?? 26. Qxe5 )
26. Kh1 {#} ( 26. Nxg4? {Kostakiev, D} 26. ... Rf5 27. Qh3 Rg5 -+ ) 
26. ... Rf3 ( 26. ... Nd3!? 27. Nxg4 ( 27. Rd2 {Kostakiev,D} 27. ... Bh6 
-/+ ) 27. ... Nxb2 28. Rde1 Rf5 29. Qh3 Rf3 30. Qh5 Rf5 =, quiet ( 30. ...
 Rf4!? ) ) ( 26. ... Rxf2?? 27. Rxf2 Qxf2 28. Rf1 +- ) 27. Nxg4 Rf5 28. 
Qh3 Rf3 29. Qh5 ( 29. Qg2?! Nd3! 30. Rd2 h5! ( 30. ... Nf4 =, quiet ) 31. 
Ne3 Bh6 =+ ) ( 29. Qh4? {Kostakiev,D} 29. ... Rf4 30. h3 -/+ e3! -/+ ) 
29. ... Rf5 ( 29. ... Nd3 {Kostakiev,D} 30. Qd5 Nxb2 31. Rde1 =, quiet ) 
30. Qh3 ( 30. Qh3 Rf3 ) 1/2-1/2

[Event "Chelyabinsk 9"]
[Site "Linares"]
[Date "1998.01.28"]
[Round "9"]
[White "Timoshenko, Georgy"]
[Black "Luther, Thomas"]
[Result "1-0"]
[WhiteElo "2560"]
[BlackElo "2510"]
[EventDate "1998.01.20"]

1. e4 c5 2. Nf3 e6 3. d4 cxd4 4. Nxd4 Nc6 5. Nb5 Nf6 6. N1c3 d6 7. Bf4 e5 
8. Bg5 a6 9. Na3 b5 10. Bxf6 gxf6 11. Nd5 f5 12. c3 Bg7 13. exf5 Bxf5 14. 
Nc2 O-O 15. Nce3 Be6 16. g3 f5 17. Bg2 Rb8 { In this case Black employs 
another method of struggling against the knight outpost on d5 and 
"bypasses" it from the flanks} ( {A reckless advance } 17. ... f4?! 18. 
Nc2! += { leads only to premature loss of black control over the important
e4-square} ( 18. gxf4? exf4 19. Nxf4 Rxf4 20. Bxc6 Qh4 21. Rf1 Raf8 -/+ ) 
) 18. Qh5 b4! {This thematic advance imparts necessary energy to b8-rook} 
19. O-O bxc3 20. bxc3 Ne7! {Having carried out a liberating b5-b4 advance 
and created the isolated c3-pawn in the enemy camp, Black switches over to
pressurizing the d5-square with his pieces } ( {White won a fine victory 
in the following game} 20. ... Qd7 21. f4! Qa7 ( 21. ... e4 22. g4! +/- ) 
( 21. ... Rb5!? 22. Rad1 Rc5 ) 22. Kh1 Qc5 23. Rad1 Rb2 24. fxe5! dxe5 ( 
24. ... Nxe5 25. Ne7+ Kh8 26. N7xf5 Qxc3 27. Nxg7 Kxg7 28. Rxf8 Kxf8 29. 
Rf1+ Kg7 30. Nd1 +- ) 25. Rxf5! ( 25. Nxf5? Rxg2! -/+ ) 25. ... Bxf5 ( 
25. ... Rxf5 26. Nxf5 Rxg2 27. Qe8+ +- ) 26. Nxf5 Qf2 27. Nde7+ Nxe7 28. 
Nxe7+ Kh8 29. Ng6+ Kg8 30. Bd5+ Rf7 31. Bxf7+ Kxf7 32. Nxe5+ Kg8 ( 32. ...
 Kf6 33. Ng4+ +- ) ( 32. ... Ke6 33. Qe8+ Kf5 34. Qd7+ +- ) 33. Qh3! Re2 
34. Qe6+ Kh8 35. Nf7+ Kg8 36. Nh6+ {1-0, Shamkovich,L 2410 - Maguiera,I, 
Las Vegas 1994} ) 21. Rfd1 ( 21. Rab1 = ) 21. ... e4 22. Rac1?! {White is 
somewhat careless to the opponent's counterplay} ( {An approximate dynamic
equilibrium is maintained after an accurate } 22. Qe2 = ) 22. ... Nxd5 23.
 Nxd5 Rb2! {The invasion of the rook to the 2nd rank allows Black to seize
the initiative } 24. c4 { In his struggle for the initiative White is 
ready to sacrifice the a2-pawn} 24. ... Rxa2 25. g4!? {Seeking to destroy 
black pawn chain} 25. ... Bxd5 26. Rxd5 e3! {A counterblow that 
demonstrates the insecurity of white king's position } 27. Rxf5 ( 27. fxe3
? Qb6 28. Rcd1 Qxe3+ 29. Kh1 Qe2 30. Rg1 Bd4! -+ ) 27. ... exf2+ 28. Kf1 
Qe7 ( {Black advantage is fixed by a move} 28. ... Re8! 29. Rf4 ( 29. Rxf2
? Rxf2+ 30. Kxf2 Qb6+ -+ ) ( 29. Qf7+ Kh8 30. Rxf2 Rxf2+ 31. Qxf2 Qg5 32. 
Re1 Rf8 33. Bf3 Qf4 -/+ ) 29. ... Re1+ 30. Rxe1 fxe1=Q+ 31. Kxe1 Qb8 -/+ {
shown by G.Timoscenko} ) 29. Rxf8+ Bxf8 30. Qd5+ Kh8 31. Be4 Qg7 ( 31. ...
 Qf6! =+ ) 32. Qf5 = {White battery on the b1-h7 diagonal allows to 
neutralize black material advantage } 32. ... a5 ( 32. ... Be7 33. Qc8+ 
Qf8 34. Qxf8+ Bxf8 35. Rc2 = ) 33. Rc3 Ra1+ 34. Kxf2 Qd4+ 35. Re3 Ra2+ ( 
35. ... Qd2+ 36. Re2 Qd4+ = ) 36. Kf1 Qxc4+?? ( 36. ... Ra1+ = ) 37. Bd3 
+- Qc1+ 38. Re1 Qh6 39. g5 Qg7 40. Re8 Ra1+ 41. Kg2 Ra2+ 42. Kh3 1-0